Name a U.S. County A-Z - Statistics

General Stats
  • This quiz has been taken 181 times
  • The average score is 20 of 25
Answer Stats
# Possible Examples % Correct
M 321 Mackinac | Macomb | Merrimack | etc.
94%
A 122 Abbeville | Acacoyagua | Acadia | etc.
92%
J 293 Jackson | Jarvis | Jersey | etc.
91%
L 144 Lenawee | Laramie | Lee | etc.
91%
C 248 Cabarrus | Cabell | Cache | etc.
90%
D 104 Dade | Daggett | Dakota | etc.
90%
H 142 Haakon | Habersham | Haines | etc.
90%
W 215 Wabash | Webaunsee | Wadena | etc.
90%
B 231 Bacon | Bailey | Baldwin | etc.
89%
G 97 Gadsden | Gage | Gaines | etc.
87%
K 89 Kalamazoo | Kalawao | Kent | etc.
87%
N 180 Naguabo | Nance | Nantucket | etc.
87%
O 79 O'Brien | Oakland | Ochiltree | etc.
84%
S 215 Sabine | Sagadahoc | Saginaw | etc.
84%
F 119 Fairfax | Fairfield | Fajardo | etc.
83%
P 109 Pacific | Page | Palm Beach | etc.
82%
R 174 Rabun | Racine | Radford | etc.
82%
Y 27 Yankton | Yates | Yavapai | etc.
80%
E 62 Eagle | Eau Claire | Etowah | etc.
79%
I 31 Iberia | Idaho | Issaquena | etc.
79%
T 99 Talbot | Taliaferro | Talladega | etc.
73%
U 30 Uvalde | Upshur | Umatilla | etc.
71%
V 31 Val Verde | Valencia | Valley | etc.
71%
Q 5 Quay | Queens | Quitman | etc.
63%
Z 3 Zapata | Zavala | Ziebach
27%
No matching quizzes found
Score Distribution
Percent of People with Each Score
Percentile by Number Answered
Your Score History
You have not taken this quiz